header

Reel schools (Record no. 11127)

MARC details
000 -LEADER
fixed length control field 01834nam a2200361 a 4500
082 04 - DEWEY DECIMAL CLASSIFICATION NUMBER
Classification number 791.43/6558
100 1# - MAIN ENTRY--AUTHOR NAME
Personal name May, Josephine,
245 10 - TITLE STATEMENT
Title Reel schools
260 ## - PUBLICATION, DISTRIBUTION, ETC. (IMPRINT)
Place of publication Bern ;
-- New York :
Name of publisher Peter Lang,
Year of publication 2013.
300 ## - PHYSICAL DESCRIPTION
Number of Pages x, 285 p. :
Other physical details ill. (some col.)
505 0# - FORMATTED CONTENTS NOTE
Formatted contents note Introduction: the cinematic vernacular of Australian schooling -- The silent era: "a school of sentiment" -- High tide of nationalist portrayal 1930s-1960s -- Nation and the girls' boarding school in the 1970s -- Nation and the boys' school in the 1970s -- State high school blues in the early 1980s -- The school film in the late 1980s -- Multicultural nation at school in the 1980s-1990s -- Private school fantasies in the 2000s -- Conclusion.
650 #0 - SUBJECT ADDED ENTRY--TOPICAL TERM
Topical Term Schools in motion pictures.
Topical Term Education in motion pictures.
Topical Term Nationalism in motion pictures.
Topical Term Motion pictures
856 40 - ELECTRONIC LOCATION AND ACCESS
Uniform Resource Identifier http://site.ebrary.com/lib/rucke/Doc?id=10690893

No items available.

© 2026 Rongo University
Contact us: librarian | system librarian | Rongo university